Breves anotaciones sobre la revolucion del 6 de setiembre de 1930 /
Guardado en:
| Autor Principal: | |
|---|---|
| Formato: | Libro |
| Publicado: |
Buenos Aires :
Academia Nacional De La Historia,
1970
|
| Series: | Separata De Investigaciones Y
|
| Materias: | |
| Etiquetas: |
Agregar Etiqueta
Sin Etiquetas, Sea el primero en etiquetar este registro!
|
| LEADER | 00591nam a22001695a 4500 | ||
|---|---|---|---|
| 001 | EHU.bham014913 | ||
| 003 | AR-BHAM | ||
| 005 | 20100405154406.0 | ||
| 008 | 130507s1970##################000#0#####d | ||
| 082 | 9 | 8 | |a 982.06 |
| 100 | 1 | |a Etchepareborda, Roberto | |
| 245 | 1 | 0 | |a Breves anotaciones sobre la revolucion del 6 de setiembre de 1930 / |c Roberto Etchepareborda |
| 260 | |a Buenos Aires : |b Academia Nacional De La Historia, |c 1970 | ||
| 300 | |a 55-103 | ||
| 490 | 0 | |a Separata De Investigaciones Y | |
| 653 | |a Historia de argentina-1910- | ||
| 859 | |a AR-BHAM |b BIB. HUMANIDADES - General |h 982.06 |i Et18 |p 378.70 |t Ej.1 | ||
